<?xml version="1.0" encoding="UTF-8"?><?xml-stylesheet type="text/xsl" href="static/style.xsl"?><OAI-PMH xmlns="http://www.openarchives.org/OAI/2.0/" xmlns:xsi="http://www.w3.org/2001/XMLSchema-instance" xsi:schemaLocation="http://www.openarchives.org/OAI/2.0/ http://www.openarchives.org/OAI/2.0/OAI-PMH.xsd"><responseDate>2026-04-17T18:59:38Z</responseDate><request verb="GetRecord" identifier="oai:www.recercat.cat:2445/176283" metadataPrefix="marc">https://recercat.cat/oai/request</request><GetRecord><record><header><identifier>oai:recercat.cat:2445/176283</identifier><datestamp>2025-12-04T21:03:46Z</datestamp><setSpec>com_2072_1057</setSpec><setSpec>col_2072_478818</setSpec><setSpec>col_2072_478917</setSpec></header><metadata><record xmlns="http://www.loc.gov/MARC21/slim" xmlns:dcterms="http://purl.org/dc/terms/" xmlns:xsi="http://www.w3.org/2001/XMLSchema-instance" xmlns:doc="http://www.lyncode.com/xoai" xsi:schemaLocation="http://www.loc.gov/MARC21/slim http://www.loc.gov/standards/marcxml/schema/MARC21slim.xsd">
   <leader>00925njm 22002777a 4500</leader>
   <datafield ind2=" " ind1=" " tag="042">
      <subfield code="a">dc</subfield>
   </datafield>
   <datafield ind2=" " ind1=" " tag="720">
      <subfield code="a">Fontana, Joan, 1977-</subfield>
      <subfield code="e">author</subfield>
   </datafield>
   <datafield ind2=" " ind1=" " tag="260">
      <subfield code="c">2021-04-13T14:22:35Z</subfield>
   </datafield>
   <datafield ind2=" " ind1=" " tag="260">
      <subfield code="c">2021-04-13T14:22:35Z</subfield>
   </datafield>
   <datafield ind2=" " ind1=" " tag="260">
      <subfield code="c">2021-02</subfield>
   </datafield>
   <datafield ind2=" " ind1=" " tag="260">
      <subfield code="c">2021-04-13T14:22:35Z</subfield>
   </datafield>
   <datafield ind2=" " ind1=" " tag="520">
      <subfield code="a">Co presente libro e co outro traballo similar ofrendado a Manuel González González (Obreiro da lingua, amigo da xente. Estudos de xeografía lingüística en homenaxe a Manuel González, edición a cargo de Xosé Afonso Álvarez Pérez e Mercedes Brea), os editores manteñen a tradición que a área de Filoloxía Románica da Universidade de Santiago de Compostela iniciou no ano 1991 co volume de homenaxe ao profesor Constantino García, ao que seguiron os dedicados a Antón Santamarina (2008) e a Mercedes Brea (2016), cando estes mestres acadaran os sesenta e cinco anos de idade, pero sen agardar o momento da xubilación.</subfield>
   </datafield>
   <datafield tag="653" ind2=" " ind1=" ">
      <subfield code="a">Ressenyes (Documents)</subfield>
   </datafield>
   <datafield tag="653" ind2=" " ind1=" ">
      <subfield code="a">Reviews (Documents)</subfield>
   </datafield>
   <datafield ind2="0" ind1="0" tag="245">
      <subfield code="a">Alén Garabato, Carmen / Brea, Mercedes (ed.) (2018): 'Limba noastră-i o comoară... Estudos de sociolingüística románica en homenaxe a Francisco Fernández Rei'. Santiago de Compostela: Universidade de Santiago de Compostela, Servizo de Publicacións e Intercambio Científico, 336 p.</subfield>
   </datafield>
</record></metadata></record></GetRecord></OAI-PMH>